Catálogo público

Tablas de valor nutritivo de los alimentos : edición internacional Español - Inglés / Miriam Muñoz de Chávez y Adolfo Chávez Villasana (Record no. 216958)

MARC details
000 -CABECERA
campo de control de longitud fija 00955nam a2200241Ia 4500
001 - NÚMERO DE CONTROL
campo de control Z_5374
008 - DATOS DE LONGITUD FIJA--INFORMACIÓN GENERAL
campo de control de longitud fija 220601s9999 xx 000 0 und d
020 ## - NÚMERO INTERNACIONAL ESTÁNDAR DEL LIBRO
Número Internacional Estándar del Libro 968-860-450-X
082 ## - NÚMERO DE LA CLASIFICACIÓN DECIMAL DEWEY
Número de clasificación 641.1 M8
100 ## - ENTRADA PRINCIPAL--NOMBRE DE PERSONA
Nombre de persona Muñoz de Chávez, Miriam
9 (RLIN) 79578
245 ## - MENCIÓN DE TÍTULO
Título Tablas de valor nutritivo de los alimentos : edición internacional Español - Inglés / Miriam Muñoz de Chávez y Adolfo Chávez Villasana
260 ## - PUBLICACIÓN, DISTRIBUCIÓN, ETC.
Lugar de publicación, distribución, etc. México, D.F. : Pax México
300 ## - DESCRIPCIÓN FÍSICA
Extensión 330 p.: ilus. ; gráfs. ; tablas
503 ## - NOTA DE HISTORIA BIBLIOGRÁFICA (BK CF MU) [OBSOLETO]
Nota de historia bibliográfica c/e
505 ## - NOTA DE CONTENIDO CON FORMATO
Nota de contenido con formato Incluye diskett de 3.5 Base de datos de composición química y valor nutritivo de los alimentos de mayor consumo en México 1997.
650 ## - PUNTO DE ACCESO ADICIONAL DE MATERIA--TÉRMINO DE MATERIA
Término de materia o nombre geográfico como elemento de entrada Alimentos - Valor nutritivo \ Nutrición - Tablas \ Alimentos - Análisis
9 (RLIN) 182301
700 ## - PUNTO DE ACCESO ADICIONAL--NOMBRE DE PERSONA
Nombre de persona Chávez Villasana, AdolfoÌ
9 (RLIN) 182302
901 ## - ELEMENTOS DE DATOS A LOCAL LDA (RLIN)
a 641.1 M8
902 ## - ELEMENTOS DE DATOS B LOCAL, LDB (RLIN)
a M
905 ## - ELEMENTOS DE DATOS E LOCAL, LDE (RLIN)
a 0000001996 0000000000 00
942 ## - ELEMENTOS DE PUNTO DE ACCESO ADICIONAL (KOHA)
Tipo de ítem Koha Libro_
Holdings
Estado de retiro Estado de pérdida Estado dañado No para préstamo Localización permanente Ubicación/localización actual Ubicación en estantería Fecha de adquisición Total de préstamos Código de barras Fecha visto por última vez Número de copia Precio válido a partir de Tipo de ítem Koha Nota pública
        Zootecnia Zootecnia   14/03/2006   z_5237 02/06/2022 3 02/06/2022 Libro 3
        Zootecnia Zootecnia   14/03/2006   z_5235 02/06/2022 1 02/06/2022 Libro 3
        Zootecnia Zootecnia   14/03/2006   z_5236 02/06/2022 2 02/06/2022 Libro 3